Statistiques concernant Les Poufsouffles dans Harry Potter

Cliquez ici pour prendre le quiz!

Statistiques générales

  • Ce quiz a été pris 59 fois
  • Le résultat moyen est 7 sur 12

Statistiques - réponses

Personnages% Correct
1Cedric Diggory
91%
2Nymphadora Tonks
76%
12Hannah Abbot
74%
4Pomona Chourave
72%
9Ernie Macmillan
70%
11Justin Finch-Fletchley
70%
3Norbert Dragonneau
63%
5Helga Poufsouffle
59%
10Susan Bones
56%
8Zacharias Smith
44%
7Moine Gras
28%
6Thésée Dragonneau
22%

Distribution des résultats

Percentile par nombre de réponses

% des personnes avec chaque résultat

Votre développement - résultats

Vous n’avez pas pris ce quiz